000 00689nmm a2200193Ia 4500
008 251105s9999||||xx |||||||||||||||||und||
020 _a9789587635171
041 _aspa
100 _aMora Forero, Jorge Alexander
245 0 _aAnálisis del turismo rural comunitario en Colombia y España :
_b Estudio de casos
264 _a[Bogotá, Colombia] :
_bCorporación Universitaria Minuto de Dios,
_c2021
300 _a119 páginas
700 _aMora Forero, Jorge Alexander
700 1 _a Saavedra Camargo, Janeth Alejandra
700 1 _a García Revilla, Mercedes Raquel
700 1 _a Martínez Moure, Olga
856 _uhttps://public.digitaliapublishing.com/a/131323
942 _cCF
999 _c69008
_d69008